| 000 | 00985nam a22001937a 4500 | ||
|---|---|---|---|
| 999 |
_c62021 _d62021 |
||
| 003 | Ge_BSU | ||
| 005 | 20240624124322.0 | ||
| 008 | 240624s1963 ge ||||| |||| 00| 0 geo d | ||
| 041 | _ageo | ||
| 080 | _a373.6 კ-66 | ||
| 100 |
_aკოვზირიძე, ზ. _922550 |
||
| 245 |
_aმოსწავლეთა საწარმოო სწავლების ჰიგიენა / _cზ. კოვზირიძე; რედ. თ. კობერიძე; საქ. სსრ განათლ. სამინისტროს პედ. მეცნ. სამეცნ.-კვლევ. ინ-ტი. |
||
| 264 |
_aთბ., _bცოდნა, _c1963. |
||
| 300 |
_a46 გვ. : _bცხრილ. ; _c21 სმ. |
||
| 653 | _aმოსწავლეთა საწარმოო სწავლება | ||
| 653 | _aჰიგიენა | ||
| 700 |
_aკობერიძე, თ. _eრედაქტორი _91783 |
||
| 942 |
_2udc _cᲬᲘᲒᲜᲘ |
||